[Event "Chesscup Blitz 2020"]
[Site "Katowice"]
[Date "2020.09.12"]
[Round "13.10"]
[White "Kot, Jerzy"]
[Black "Tsatsalashvili, Keti"]
[Result "0-1"]
[WhiteElo "1924"]
[BlackElo "2246"]
[Annotator "ChessBase"]
[PlyCount "64"]
[EventDate "2020.09.12"]
[EventType "swiss"]
[EventCountry "POL"]
[SourceTitle "playchess.com"]
[Source "ChessBase"]
[SourceQuality "1"]
[TimeControl "180+2"]

1. g3 {[%emt 0:00:00]} Nf6 {[%emt 0:00:00]} 2. Bg2 {[%emt 0:00:01]} d5 {[%emt 0:00:03]} 3. Nf3 {[%emt 0:00:02]} c5 {[%emt 0:00:03]} 4. O-O {[%emt 0:00:02]} Nc6 {[%emt 0:00:01]} 5. c4 {[%emt 0:00:01]} d4 {[%emt 0:00:02]} 6. e3 {[%emt 0:00:05]} g6 {[%emt 0:00:20]} 7. exd4 {[%emt 0:00:02]} cxd4 {[%emt 0:00:01]} 8. d3 {[%emt 0:00:09]} Bg7 {[%emt 0:00:01]} 9. b4 {[%emt 0:00:02]} Nxb4 {[%emt 0:00:17]} 10. Qa4+ {[%emt 0:00:02]} Nc6 {[%emt 0:00:01]} 11. Ne5 {[%emt 0:00:03]} O-O {[%emt 0:00:33]} 12. Nxc6 {[%emt 0:00:03]} bxc6 {[%emt 0:00:01]} 13. Qxc6 {[%emt 0:00:05]} Rb8 {[%emt 0:00:02]} 14. Nd2 {[%emt 0:00:07]} Bf5 {[%emt 0:00:41]} 15. Ne4 {[%emt 0:00:12]} Rb6 {[%emt 0:00:01]} 16. Qa4 {[%emt 0:00:20]} Bxe4 {[%emt 0:00:19]} 17. dxe4 {[%emt 0:00:02]} e5 {[%emt 0:00:11]} 18. Ba3 {[%emt 0:00:14]} Re8 {[%emt 0:00:01]} 19. Qxa7 {[%emt 0:00:02]} Rc6 {[%emt 0:00:06]} 20. Rfc1 {[%emt 0:00:13]} Qa8 {[%emt 0:00:13]} 21. Bc5 {[%emt 0:00:10]} Qxa7 {[%emt 0:00:06]} 22. Bxa7 {[%emt 0:00:02]} Ra8 {[%emt 0:00:01]} 23. f4 {[%emt 0:00:03]} Rxa7 {[%emt 0:00:09]} 24. fxe5 {[%emt 0:00:01]} Ng4 {[%emt 0:00:04]} 25. e6 {[%emt 0:00:07]} fxe6 {[%emt 0:00:03]} 26. e5 {[%emt 0:00:08]} Rc5 {[%emt 0:00:02]} 27. a4 {[%emt 0:00:05]} Nxe5 {[%emt 0:00:04]} 28. Re1 {[%emt 0:00:02]} Rxc4 {[%emt 0:00:04]} 29. Bh3 {[%emt 0:00:04]} Kf7 {[%emt 0:00:07]} 30. a5 {[%emt 0:00:03]} Nf3+ {[%emt 0:00:01]} 31. Kf2 {[%emt 0:00:08]} Nxe1 {[%emt 0:00:02]} 32. Rxe1 {[%emt 0:00:01]} e5 {[%emt 0:00:02]} 0-1